=LDR 00000nam 2200000 4500 =001 INLIS000000000047208 =005 20150910173455.0 =006 =007 =008 =035 ##$$0010-091500000000038 =082 ##$$a 793 =090 ##$$a 793 ira t =100 ##$$a ira puspitorini =245 ##$$a 365 games edukatif dan kreatif utk pesta anak =260 ##$$a bangkit =300 ##$$a hln. 196 =850 ##$$a NPBMAT =990 ##$$a 0001/BPAP-NTB/2015 =990 ##$$a 0001/BPAP-NTB/2015